[Event "Dorsten- OSV 2"]
[Site "?"]
[Date "2023.09.17"]
[Round "2.5"]
[White "Akcapinar, Yavuz"]
[Black "Naskir, Ramin"]
[Result "0-1"]
[WhiteElo "1783"]
[BlackElo "1822"]
[Annotator "daniel"]
[PlyCount "82"]
[SourceDate "2023.10.09"]

1. e4 e6 2. d4 d5 3. Nc3 Nf6 4. Bg5 $11 Be7 5. e5 Nfd7 6. h4 Bxg5 7. hxg5 Qxg5
8. Nf3 Qe7 9. Qd3 h6 10. Nb5 $11 Nb6 11. Qc3 Nc6 12. O-O-O a6 13. Na3 Qb4 14.
Qxb4 Nxb4 15. Kb1 Bd7 16. c3 Nc6 17. g4 O-O-O 18. Be2 f6 19. b3 Rdf8 20. Rh2
Be8 21. Bd3 fxe5 22. Nxe5 Nxe5 23. dxe5 Nd7 24. Re1 h5 25. Kc2 hxg4 26. Rg2 Rf4
27. Kd2 Rhf8 28. Re2 Bh5 29. Nc2 c5 30. Ne1 R8f7 31. Rh2 g3 32. Rxh5 gxf2 33.
Re3 f1=Q 34. Bxf1 Rxf1 35. Re2 R1f2 36. Rg5 Rxe2+ 37. Kxe2 Rf5 38. Rxg7 Rxe5+
39. Kd2 Rh5 40. Nf3 Ne5 41. Ng5 Rxg5 0-1

[Event "Dorsten- OSV 2"]
[Site "?"]
[Date "2023.09.17"]
[Round "2.6"]
[White "Vengels, Joachim"]
[Black "Kohl, Niclas"]
[Result "0-1"]
[WhiteElo "1976"]
[BlackElo "1765"]
[PlyCount "70"]
[SourceDate "2023.10.09"]

1. c4 Nf6 2. Nc3 g6 3. e4 d6 4. d4 Bg7 5. f4 O-O 6. Be2 c5 7. d5 e6 8. Bf3 exd5
9. cxd5 Re8 10. Nge2 b5 11. Ng3 b4 12. Nce2 h5 13. Qc2 Qe7 14. e5 dxe5 15. d6
Qxd6 16. Bxa8 exf4 17. Ne4 Nxe4 18. Bxe4 Nc6 19. Bxc6 Qxc6 20. O-O g5 21. Nxf4
Bd4+ 22. Kh1 gxf4 23. Bxf4 Re6 24. Bg3 Ba6 25. Rfe1 Rg6 26. Rad1 Bb7 27. Rd2
Qf6 28. Qd3 h4 29. Bc7 Qc6 30. Qh3 Qxc7 31. Re8+ Kh7 32. Qf5 Kh6 33. Rde2 Rg5
34. Qd3 Qf4 35. Rc2 h3 0-1

[Event "Dorsten- OSV 2"]
[Site "?"]
[Date "2023.09.17"]
[Round "2.7"]
[White "Faber, Lennart"]
[Black "Nowok, Frank"]
[Result "1-0"]
[WhiteElo "1847"]
[BlackElo "1847"]
[PlyCount "55"]
[SourceDate "2023.10.09"]

1. e4 c5 2. Nf3 Nc6 3. d4 cxd4 4. Nxd4 g6 5. Be3 Bg7 6. Nc3 Nf6 7. Nb3 O-O 8.
f3 d6 9. Qd2 Be6 10. O-O-O a6 11. g4 b5 12. Bh6 Qc7 13. h4 Ne5 14. Bxg7 Kxg7
15. Nd4 h5 16. gxh5 Nxh5 17. Nd5 Bxd5 18. exd5 Rh8 19. Qg5 Nf6 20. h5 Nxh5 21.
f4 Nc4 22. Bd3 Qd7 23. Ne6+ fxe6 24. Qxg6+ Kf8 25. dxe6 Qe8 26. Qf5+ Kg7 27.
Rdg1+ Kh6 28. Qg5# 1-0

[Event "Hamm- Buer"]
[Site "?"]
[Date "2023.09.17"]
[Round "2.1"]
[White "Wolff, Christoph"]
[Black "Ackermann, Hans Werner"]
[Result "1-0"]
[WhiteElo "2014"]
[BlackElo "2167"]
[PlyCount "69"]
[SourceDate "2023.10.09"]

1. e4 c5 2. Nf3 d6 3. d4 cxd4 4. Nxd4 Nf6 5. Nc3 a6 6. Be2 e6 7. O-O Be7 8. f4
O-O 9. Be3 Qc7 10. a4 b6 11. Qe1 Bb7 12. Bf3 Nc6 13. Qg3 Nd7 14. Kh1 Bf6 15.
Rad1 Rfd8 16. Nxc6 Bxc6 17. Bd4 Bxd4 18. Rxd4 Nf6 19. Rfd1 Ne8 20. e5 Bxf3 21.
Qxf3 d5 22. Qe2 g6 23. f5 Ng7 24. f6 Nf5 25. Rf4 d4 26. Nb1 Qc6 27. Rd3 Rac8
28. c3 Rd5 29. cxd4 Qc1+ 30. Rf1 Qc6 31. Qd2 Qd7 32. Rxf5 Rxd4 33. Qh6 Rc1+ 34.
Qxc1 Rxd3 35. Rf1 1-0

[Event "Hamm- Buer"]
[Site "?"]
[Date "2023.09.17"]
[Round "2.2"]
[White "Spyrou, Emmanouil"]
[Black "Hammerich, Simon"]
[Result "1/2-1/2"]
[WhiteElo "2152"]
[BlackElo "2034"]
[PlyCount "110"]
[SourceDate "2023.10.09"]

1. d4 Nf6 2. c4 e6 3. Nc3 Bb4 4. e3 O-O 5. Nge2 c6 6. a3 Ba5 7. b4 Bc7 8. Bb2
d5 9. Ng3 Re8 10. f4 Nbd7 11. Qd2 a5 12. c5 axb4 13. axb4 Rxa1+ 14. Bxa1 Ng4
15. Be2 Qh4 16. Bxg4 Qxg4 17. O-O f6 18. e4 h5 19. Qf2 Nf8 20. e5 Ng6 21. Qf3
Qxf3 22. Rxf3 h4 23. Nf1 Bd7 24. Bb2 Ra8 25. Ne3 fxe5 26. fxe5 b6 27. Ned1 bxc5
28. bxc5 Be8 29. Ne2 Ne7 30. Ra3 Rxa3 31. Bxa3 Nf5 32. Bb2 Bh5 33. Kf2 Ba5 34.
Ne3 Be1+ 35. Kxe1 Nxe3 36. Nf4 Bf7 37. Ke2 Nf5 38. Nh3 Kh7 39. Kf3 Bh5+ 40. Kf4
Bf7 41. Kg5 Kg8 42. Bc3 Be8 43. Nf4 Kf7 44. Ne2 Bd7 45. Be1 Bc8 46. Bf2 Ba6 47.
Nf4 Bc4 48. Kg4 Bb5 49. Nh3 Be2+ 50. Kf4 Bf1 51. Ng5+ Ke7 52. Kf3 Bc4 53. Kg4
Be2+ 54. Kh3 Kd7 55. Nf7 Ke7 1/2-1/2

[Event "Hamm- Buer"]
[Site "?"]
[Date "2023.09.17"]
[Round "2.3"]
[White "Winzbeck, Frank"]
[Black "Schlaap, Ralf"]
[Result "1-0"]
[WhiteElo "1850"]
[BlackElo "2097"]
[PlyCount "45"]
[SourceDate "2023.10.09"]

1. d4 Nf6 2. c4 e6 3. Bg5 h6 4. Bh4 d5 5. Nc3 b6 6. cxd5 exd5 7. Bxf6 gxf6 8.
e3 Be6 9. Bd3 f5 10. Qf3 Qd7 11. Nge2 Nc6 12. a3 O-O-O 13. h3 Kb7 14. b4 Ne7
15. Nf4 Ng6 16. g3 Be7 17. b5 Nf8 18. Bc4 c6 19. bxc6+ Qxc6 20. Bxd5 Bxd5 21.
Ncxd5 Bd6 22. Ke2 Qb5+ 23. Nd3 1-0

[Event "Hamm- Buer"]
[Site "?"]
[Date "2023.09.17"]
[Round "2.4"]
[White "Brieger, Sebastian"]
[Black "Hirschberg, Markus"]
[Result "1-0"]
[WhiteElo "1919"]
[BlackElo "1832"]
[PlyCount "41"]
[SourceDate "2023.10.09"]

1. e4 e6 2. d4 d5 3. Nd2 dxe4 4. Nxe4 Nf6 5. Nxf6+ Qxf6 6. Nf3 h6 7. Bd3 Bd7 8.
O-O Bc6 9. Ne5 Bd6 10. Qe2 Bxe5 11. dxe5 Qe7 12. a4 Nd7 13. b3 Qc5 14. Re1 O-O
15. Qh5 f5 16. Qg6 Rae8 17. Ba3 Nxe5 18. Qxe8 Rxe8 19. Bxc5 Nd7 20. Bd4 Kf7 21.
Bb5 1-0

[Event "Hamm- Buer"]
[Site "?"]
[Date "2023.09.17"]
[Round "2.5"]
[White "Dereli, Ismail"]
[Black "Woertler, Lars- Erik"]
[Result "1/2-1/2"]
[WhiteElo "1768"]
[BlackElo "1914"]
[PlyCount "33"]
[SourceDate "2023.10.09"]

1. c4 e5 2. Nc3 Nc6 3. g3 g6 4. Bg2 Bg7 5. b3 Nge7 6. Bb2 d6 7. e4 Nd4 8. h3
Nec6 9. Nd5 O-O 10. Ne2 Nxe2 11. Qxe2 Nd4 12. Bxd4 exd4 13. d3 c6 14. Nb4 Qa5
15. Qd2 Re8 16. Nc2 Qxd2+ 17. Kxd2 1/2-1/2

[Event "Hamm- Buer"]
[Site "?"]
[Date "2023.09.17"]
[Round "2.6"]
[White "Fluegel, Thomas"]
[Black "Reichardt, Markus"]
[Result "1/2-1/2"]
[WhiteElo "1764"]
[BlackElo "1736"]
[PlyCount "56"]
[SourceDate "2023.10.09"]

1. d4 Nf6 2. c4 g6 3. Nc3 d5 4. cxd5 Nxd5 5. e4 Nxc3 6. bxc3 c5 7. Bc4 Bg7 8.
Be3 O-O 9. Qd2 Qa5 10. Ne2 Nc6 11. Rd1 Rd8 12. O-O Ne5 13. Bd5 e6 14. dxe5 Bxe5
15. Bg5 Rd7 16. c4 Qxd2 17. Rxd2 exd5 18. exd5 f5 19. Bf4 Bf6 20. Rd3 b6 21.
Nc3 Ba6 22. Nb5 Bxb5 23. cxb5 g5 24. Bc1 Rad8 25. Rfd1 h6 26. h4 Bd4 27. hxg5
Rxd5 28. Kf1 hxg5 1/2-1/2

[Event "Hamm- Buer"]
[Site "?"]
[Date "2023.09.17"]
[Round "2.7"]
[White "Klein, Andreas"]
[Black "Fitzek, Timm"]
[Result "1/2-1/2"]
[WhiteElo "1718"]
[BlackElo "1627"]
[PlyCount "90"]
[SourceDate "2023.10.09"]

1. e4 c6 2. d4 d5 3. Nc3 dxe4 4. Nxe4 Nf6 5. Nxf6+ exf6 6. Nf3 Bd6 7. Be2 O-O
8. O-O Bg4 9. h3 Bh5 10. Be3 Qc7 11. c3 Re8 12. Nh4 Bxe2 13. Qxe2 Qd7 14. Qc2
Na6 15. Rae1 Nc7 16. Nf5 Nd5 17. Nxd6 Qxd6 18. Qd3 Nxe3 19. Rxe3 Rxe3 20. Qxe3
Qe6 21. Re1 Re8 22. Qxe6 fxe6 23. f4 Kf7 24. Kf2 Rd8 25. Kf3 h5 26. Re2 Rh8 27.
Rd2 Rd8 28. g3 Rh8 29. a4 Rd8 30. Ke3 Ke7 31. b4 g6 32. Rb2 Rc8 33. Kd3 Kd7 34.
c4 Rg8 35. Rf2 Rh8 36. b5 Rc8 37. Rb2 Rg8 38. Ke4 Re8 39. h4 Kc7 40. Rb3 Re7
41. Kf3 Rd7 42. Re3 Rxd4 43. Rxe6 Rd6 44. Re7+ Rd7 45. Re6 Rd6 1/2-1/2

[Event "Hamm- Buer"]
[Site "?"]
[Date "2023.09.17"]
[Round "2.8"]
[White "Ungureanu, David"]
[Black "Kolbe, Markus"]
[Result "1-0"]
[WhiteElo "1562"]
[BlackElo "1603"]
[PlyCount "49"]
[SourceDate "2023.10.09"]

1. e4 d6 2. d4 Nf6 3. Nc3 g6 4. Be3 Nc6 5. Qd2 Bg7 6. f3 e5 7. d5 Nb8 8. O-O-O
O-O 9. g4 Ne8 10. h4 c5 11. Bh6 f6 12. Be3 a6 13. g5 f5 14. exf5 gxf5 15. f4 e4
16. h5 Qa5 17. Nge2 b5 18. h6 Bxc3 19. Nxc3 b4 20. Nb1 Qxa2 21. g6 Rf6 22.
gxh7+ Kxh7 23. Qg2 Rg6 24. Qxg6+ Kxg6 25. h7 1-0

[Event "Bottrop- Kirchhellen"]
[Site "?"]
[Date "2023.09.17"]
[Round "2.1"]
[White "Hoffterheide, Thomas"]
[Black "Ruhmann, Gabriel"]
[Result "1/2-1/2"]
[WhiteElo "1982"]
[BlackElo "1903"]
[PlyCount "57"]
[SourceDate "2023.10.09"]

1. e4 g6 2. d4 Bg7 3. Nc3 d6 4. Be2 Nc6 5. Be3 e5 6. Nf3 Bg4 7. dxe5 Bxf3 8.
Bxf3 dxe5 9. Qxd8+ Nxd8 10. Nb5 Ne6 11. Bg4 a6 12. Bxe6 axb5 13. Bd5 c6 14. Bb3
Bh6 15. Bc5 Nf6 16. f3 Nd7 17. Bf2 Ke7 18. Rd1 Rhd8 19. h4 b6 20. h5 g5 21. a3
Nc5 22. Ke2 Nxb3 23. cxb3 Rab8 24. g4 Bf8 25. Be3 f6 26. Rc1 Kd7 27. Rc2 Kc7
28. Rhc1 Rd6 29. Rd1 1/2-1/2

[Event "Bottrop- Kirchhellen"]
[Site "?"]
[Date "2023.09.17"]
[Round "2.2"]
[White "Stadtmann, Jens"]
[Black "Schlueter, Christoph"]
[Result "1/2-1/2"]
[WhiteElo "2186"]
[BlackElo "1956"]
[PlyCount "88"]
[SourceDate "2023.10.09"]

1. c4 c5 2. Nc3 Nc6 3. Nf3 g6 4. d4 cxd4 5. Nxd4 Bg7 6. Nc2 d6 7. e4 Nf6 8. Be2
O-O 9. O-O Nd7 10. Nd5 Nc5 11. f3 f5 12. exf5 Bxf5 13. Nde3 Rc8 14. Nxf5 gxf5
15. Rb1 a5 16. Be3 f4 17. Bf2 Rf5 18. b3 Qf8 19. Qd2 Qf6 20. Bd3 Rh5 21. Rfd1
Qh6 22. h3 Ne5 23. Be2 Kh8 24. Bxc5 dxc5 25. Qxa5 b6 26. Qe1 Bf6 27. Qf1 Rg8
28. Kh2 Qg6 29. Ne1 Bh4 30. Rb2 Rg5 31. Bd3 Qg7 32. Be4 Bxe1 33. Rxe1 Nd3 34.
Bxd3 Qxb2 35. Re2 Qd4 36. Be4 e6 37. Qe1 Qg7 38. Qf2 Re5 39. Kh1 Qg3 40. Qf1
Rd8 41. Qa1 Qg7 42. Qc1 Qf6 43. Rd2 Rxd2 44. Qxd2 Rg5 1/2-1/2

[Event "Bottrop- Kirchhellen"]
[Site "?"]
[Date "2023.09.17"]
[Round "2.3"]
[White "Sinnwell, Horst"]
[Black "Boehm, Joachim"]
[Result "1/2-1/2"]
[WhiteElo "1979"]
[BlackElo "2208"]
[PlyCount "73"]
[SourceDate "2023.10.09"]

1. Nf3 d5 2. c4 c6 3. e3 Nf6 4. d4 a6 5. Nbd2 Bg4 6. Be2 e6 7. O-O Nbd7 8. a3
a5 9. b3 Be7 10. Bb2 O-O 11. Qc2 Bf5 12. Bd3 Bxd3 13. Qxd3 Qb6 14. Rfb1 Qa6 15.
Qc2 Rfe8 16. Bc3 b5 17. c5 Bf8 18. b4 a4 19. Re1 g6 20. Ne5 Rad8 21. f4 Bg7 22.
Re2 Nf8 23. Rf1 Qc8 24. Ndf3 Ne4 25. Be1 f6 26. Nd3 Nd7 27. Bh4 Rf8 28. Nf2
Nxf2 29. Rexf2 Rde8 30. Bg3 Rf7 31. h3 Ree7 32. Bh4 Nf8 33. g4 Rd7 34. Bg3 Qe8
35. Re1 Rfe7 36. g5 f5 37. Rh2 1/2-1/2

[Event "Bottrop- Kirchhellen"]
[Site "?"]
[Date "2023.09.17"]
[Round "2.4"]
[White "Masberg, Stefan"]
[Black "Andersen, Knut"]
[Result "1/2-1/2"]
[WhiteElo "1897"]
[BlackElo "1949"]
[Annotator "daniel"]
[PlyCount "91"]
[SourceDate "2023.10.09"]

1. e4 c5 2. Nf3 Nc6 3. d4 cxd4 4. Nxd4 e5 5. Nb5 d6 6. N1c3 a6 7. Na3 Be7 8.
Nd5 Nf6 9. Nxf6+ Bxf6 10. Bc4 O-O 11. c3 b5 12. Bd5 Qe8 13. O-O Be6 14. Nc2
Bxd5 15. Qxd5 Rd8 16. Ne3 Bg5 17. Nf5 Bxc1 18. Raxc1 Ne7 19. Nxe7+ Qxe7 20.
Rfd1 Kh8 21. Rc2 f5 22. Re2 fxe4 23. Qxe4 Qa7 24. Qe3 Qxe3 $11 25. Rxe3 Kg8 26.
Re4 Kf7 27. a4 Ke6 28. axb5 axb5 29. Rb4 Rb8 30. Kf1 Rfc8 31. Ra1 Rc4 32. Ra7
Rxb4 33. cxb4 Rc8 34. Rb7 Rc1+ 35. Ke2 Rc2+ 36. Ke3 Rxb2 37. Rxb5 d5 38. g4
Rb3+ 39. Ke2 e4 40. Rb7 d4 41. Rxg7 Rxb4 42. Rxh7 Rb2+ 43. Ke1 Ke5 44. Rf7 Rb1+
45. Kd2 Rg1 46. h3 1/2-1/2

[Event "Bottrop- Kirchhellen"]
[Site "?"]
[Date "2023.09.17"]
[Round "2.5"]
[White "Gajda, Peter"]
[Black "Gierse, Heinz- Dieter"]
[Result "0-1"]
[WhiteElo "1811"]
[BlackElo "1908"]
[PlyCount "88"]
[SourceDate "2023.10.09"]

1. d4 Nf6 2. Nf3 g6 3. g3 Bg7 4. Bg2 d6 5. O-O O-O 6. b3 Nfd7 7. Bb2 e5 8. e4
Nc6 9. c3 h6 10. Nbd2 Ne7 11. Nc4 Rb8 12. Rc1 b5 13. Ne3 Bb7 14. Nd2 f5 15.
exf5 Bxg2 16. Kxg2 Nxf5 17. Nxf5 Rxf5 18. Nf3 e4 19. Nh4 Rf6 20. Qg4 h5 21.
Qxe4 Kh7 22. Rce1 Qg8 23. Bc1 d5 24. Qe2 b4 25. cxb4 Rxb4 26. Nf3 Nf8 27. Qe7
Rb7 28. Re2 Kh8 29. Bh6 Rf7 30. Qe5 Bxe5 31. Nxe5 Kh7 32. Nxf7 Qxf7 33. Bg5 Ne6
34. Re5 Nxg5 35. Rxg5 Rb4 36. Re5 Rxd4 37. Rfe1 Re4 38. R1xe4 dxe4 39. Rxe4 Qd5
40. f3 Qd2+ 41. Kg1 Qxa2 42. Re7+ Kg8 43. Rxc7 Qxb3 44. Kg2 a5 0-1

[Event "Bottrop- Kirchhellen"]
[Site "?"]
[Date "2023.09.17"]
[Round "2.6"]
[White "Nowacki, Marcus"]
[Black "Kueper, Peter"]
[Result "1/2-1/2"]
[WhiteElo "1842"]
[BlackElo "1784"]
[PlyCount "97"]
[SourceDate "2023.10.09"]

1. Nf3 d5 2. b3 Nf6 3. Bb2 Bf5 4. e3 e6 5. Be2 Be7 6. Nh4 Bg6 7. Nxg6 hxg6 8.
d4 Nbd7 9. Nd2 c6 10. Bf3 Qc7 11. Qe2 Rxh2 12. Rxh2 Qxh2 13. g3 Qg1+ 14. Nf1
Ne4 15. Bxe4 dxe4 16. O-O-O Qg2 17. Nd2 O-O-O 18. a3 Rh8 19. Nf1 Nf6 20. Kb1
Rh1 21. Ka2 Nh7 22. c4 Bf6 23. d5 exd5 24. cxd5 c5 25. d6 Qf3 26. Qc2 Kd7 27.
Rc1 Qf5 28. g4 Qd5 29. Rd1 Qc6 30. Qc4 Ng5 31. Rd2 Rg1 32. Ng3 b5 33. Qd5 Qxd5
34. Rxd5 Bxb2 35. Kxb2 f6 36. Rxc5 Kxd6 37. Rxb5 Rg2 38. Kc3 Kc6 39. Ra5 Kb6
40. Ra4 Rxf2 41. Nxe4 Nxe4+ 42. Rxe4 Rg2 43. Kc4 Kc6 44. b4 Rc2+ 45. Kb3 Rg2
46. a4 Rg1 47. b5+ Kb6 48. Re6+ Kb7 49. Re4 1/2-1/2

[Event "Bottrop- Kirchhellen"]
[Site "?"]
[Date "2023.09.17"]
[Round "2.7"]
[White "Belitz, Marco"]
[Black "Husseini, Ali"]
[Result "1-0"]
[WhiteElo "1688"]
[BlackElo "2002"]
[PlyCount "49"]
[SourceDate "2023.10.09"]

1. e4 c5 2. Nf3 d6 3. d4 cxd4 4. Nxd4 Nf6 5. Nc3 a6 6. Bg5 e6 7. f4 Nbd7 8. Qf3
Qc7 9. O-O-O b5 10. Bd3 Bb7 11. Kb1 b4 12. Na4 Nc5 13. Bxf6 gxf6 14. b3 Nxa4
15. bxa4 Bg7 16. Qg4 Kf8 17. Qxe6 Qb6 18. Qd7 Rd8 19. a5 Rxd7 20. axb6 d5 21.
exd5 Bh6 22. Rhf1 Kg7 23. Nf5+ Kg6 24. Rf3 Bf8 25. Rg3+ 1-0

[Event "Bottrop- Kirchhellen"]
[Site "?"]
[Date "2023.09.17"]
[Round "2.8"]
[White "Kuesgen, Dirk"]
[Black "Miller, Jaroslaw"]
[Result "1-0"]
[WhiteElo "1703"]
[BlackElo "1655"]
[PlyCount "89"]
[SourceDate "2023.10.09"]

1. e4 e5 2. Nf3 Nc6 3. d4 exd4 4. Bc4 Nf6 5. O-O Nxe4 6. Re1 d5 7. Bxd5 Qxd5 8.
Nc3 Qa5 9. Nxe4 Be6 10. Neg5 O-O-O 11. Nxe6 fxe6 12. Rxe6 Bd6 13. Bg5 Rdf8 14.
Bd2 Qh5 15. h3 Rf6 16. Qe2 d3 17. cxd3 Ne5 18. Rxe5 Bxe5 19. Qxe5 Qg6 20. Rc1
Rc6 21. Rxc6 Qxc6 22. Bc3 Re8 23. Qxg7 h5 24. Qf7 h4 25. Nd4 Qd7 26. Qxd7+ Kxd7
27. Kf1 Re7 28. Nf5 Rh7 29. Ke2 c5 30. d4 Ke6 31. Ne3 cxd4 32. Bxd4 b6 33. f4
Rc7 34. f5+ Kf7 35. Kf3 Rc1 36. Kg4 Ra1 37. a3 Rb1 38. Kxh4 b5 39. Kg5 a5 40.
Ng4 b4 41. Nh6+ Ke8 42. f6 Rc1 43. Kg6 Rc6 44. Kg7 Kd7 45. f7 1-0

[Event "Linden- Waltrop"]
[Site "?"]
[Date "2023.09.17"]
[Round "2.1"]
[White "Eckert, Marius"]
[Black "Boehm, Ingo"]
[Result "1/2-1/2"]
[WhiteElo "2111"]
[BlackElo "2081"]
[PlyCount "46"]
[SourceDate "2023.10.09"]

1. d4 Nf6 2. Bf4 d6 3. Nc3 g6 4. e4 Bg7 5. Qd2 h6 6. f3 c6 7. O-O-O Qa5 8. Kb1
Nbd7 9. g4 b5 10. e5 dxe5 11. dxe5 Nd5 12. Nxd5 Qxd2 13. Rxd2 cxd5 14. Bxb5 e6
15. c4 O-O 16. Bxd7 Bxd7 17. Ne2 f6 18. exf6 Rxf6 19. h4 Rf7 20. cxd5 exd5 21.
Rc1 g5 22. hxg5 hxg5 23. Bxg5 Rxf3 1/2-1/2

[Event "Linden- Waltrop"]
[Site "?"]
[Date "2023.09.17"]
[Round "2.2"]
[White "Kandyba, Andriy"]
[Black "Atali, Dogukan"]
[Result "1/2-1/2"]
[WhiteElo "1984"]
[BlackElo "2010"]
[PlyCount "81"]
[SourceDate "2023.10.09"]

1. d4 Nf6 2. Nf3 g6 3. c4 Bg7 4. Nc3 O-O 5. e4 d6 6. h3 c5 7. d5 e6 8. Be2 exd5
9. exd5 Re8 10. O-O Bf5 11. Nh2 Ne4 12. Nxe4 Bxe4 13. Bd3 Nd7 14. Bxe4 Rxe4 15.
Qc2 Qe8 16. Bd2 Re2 17. Rae1 Bd4 18. Qd3 Bxf2+ 19. Rxf2 Rxe1+ 20. Bxe1 Qxe1+
21. Rf1 Ne5 22. Qb3 Qb4 23. Qxb4 cxb4 24. b3 b5 25. Nf3 Nxf3+ 26. gxf3 bxc4 27.
bxc4 Rc8 28. Rc1 a5 29. Kf2 Kg7 30. Ke3 Kf6 31. Kd4 a4 32. Rb1 Rb8 33. c5 dxc5+
34. Kxc5 b3 35. Kc6 bxa2 36. Ra1 Rb2 37. d6 Rc2+ 38. Kd7 Rb2 39. Kd8 Rd2 40. d7
Rb2 41. Ke8 1/2-1/2

[Event "Linden- Waltrop"]
[Site "?"]
[Date "2023.09.17"]
[Round "2.3"]
[White "Winterberg, Andreas"]
[Black "Schmidt, Ralph"]
[Result "1-0"]
[WhiteElo "2001"]
[BlackElo "1878"]
[PlyCount "95"]
[SourceDate "2023.10.09"]

1. e4 e5 2. Nf3 Nc6 3. Bc4 Bc5 4. c3 Nf6 5. d4 exd4 6. e5 d5 7. Be2 Ne4 8. cxd4
Bb4+ 9. Nbd2 Bg4 10. O-O Nxd2 11. Bxd2 Bxd2 12. Qxd2 O-O 13. Rac1 Ne7 14. h3
Bd7 15. Bd3 c6 16. Rfe1 Bf5 17. b4 Bxd3 18. Qxd3 a6 19. a4 b5 20. a5 Rc8 21.
Rc5 Qd7 22. Rec1 h6 23. R5c2 Rfe8 24. Nd2 Rc7 25. Nb3 Qc8 26. Nc5 Qf5 27. Qg3
Ra7 28. Rc3 Rc8 29. Rf3 Qg5 30. Qxg5 hxg5 31. Kf1 Re8 32. Nb3 Rc7 33. Rg3 f6
34. exf6 gxf6 35. h4 Nf5 36. Rf3 Nxh4 37. Rxf6 Rec8 38. Re1 Rf7 39. Ree6 Rxf6
40. Rxf6 Kg7 41. Rd6 Rc7 42. Nc5 Kf7 43. Nxa6 Rc8 44. Rd7+ Ke8 45. Rg7 Nf5 46.
Nc7+ Kf8 47. Ne6+ Ke8 48. Rxg5 1-0

[Event "Linden- Waltrop"]
[Site "?"]
[Date "2023.09.17"]
[Round "2.4"]
[White "Hochstein, Udo"]
[Black "Dunsche, Daniel"]
[Result "1/2-1/2"]
[WhiteElo "1849"]
[BlackElo "1979"]
[PlyCount "115"]
[SourceDate "2023.10.09"]

1. d4 Nf6 2. c4 g6 3. Nc3 Bg7 4. e4 d6 5. f4 O-O 6. Nf3 c5 7. d5 e6 8. Be2 exd5
9. cxd5 Re8 10. e5 dxe5 11. fxe5 Ng4 12. Bg5 Qb6 13. O-O Nxe5 14. d6 c4+ 15.
Kh1 Ng4 16. Nd5 Nf2+ 17. Rxf2 Qxf2 18. Bxc4 Be6 19. Ne7+ Kh8 20. Bxe6 fxe6 21.
d7 Nxd7 22. Qxd7 Qxb2 23. Re1 Qxa2 24. Qxb7 a5 25. Bf4 Qf2 26. Bg3 Qc5 27. Nc6
a4 28. Be5 Bxe5 29. Nfxe5 Qf8 30. Nf7+ Kg8 31. Nce5 a3 32. Ng4 Re7 33. Ngh6+
Kg7 34. Qf3 e5 35. Rf1 Ra6 36. Qe2 Rf6 37. Rxf6 Kxf6 38. Kg1 Rxf7 39. Nxf7 Qxf7
40. Qa6+ Kg7 41. Qxa3 Qf4 42. Qe7+ Kh6 43. g3 Qe3+ 44. Kg2 Qe4+ 45. Kf2 Qf5+
46. Kg2 Qg5 47. Qf8+ Kh5 48. h3 Qd2+ 49. Kg1 Qc1+ 50. Kg2 Qc2+ 51. Kg1 Qd3 52.
Kg2 Qe2+ 53. Kg1 h6 54. Qf6 Qe3+ 55. Kg2 Qe4+ 56. Kg1 Qe3+ 57. Kg2 Qe4+ 58. Kg1
1/2-1/2

[Event "Linden- Waltrop"]
[Site "?"]
[Date "2023.09.17"]
[Round "2.5"]
[White "Drewes, Martin"]
[Black "Jedner, Volker"]
[Result "1-0"]
[WhiteElo "1949"]
[BlackElo "1778"]
[PlyCount "55"]
[SourceDate "2023.10.09"]

1. e4 d6 2. d4 Nf6 3. Nc3 g6 4. g3 Bg7 5. Bg2 O-O 6. Nge2 c6 7. h3 Nbd7 8. O-O
e5 9. Be3 Re8 10. Qd2 Nb6 11. b3 Qc7 12. a4 exd4 13. Nxd4 a6 14. Rad1 d5 15. a5
Nbd7 16. exd5 cxd5 17. Nxd5 Nxd5 18. Bxd5 Rd8 19. Nf3 Bc3 20. Bf4 Qxa5 21. Qd3
Bf6 22. Qc4 Rf8 23. Bd6 Nb6 24. Qc7 Bxh3 25. Bxf8 Rxf8 26. Rfe1 Qb4 27. Bxb7
Bg4 28. Re4 1-0

[Event "Linden- Waltrop"]
[Site "?"]
[Date "2023.09.17"]
[Round "2.6"]
[White "Pappert, Thomas"]
[Black "Breidenbach, Rolf"]
[Result "1/2-1/2"]
[WhiteElo "1748"]
[BlackElo "1896"]
[PlyCount "55"]
[SourceDate "2023.10.09"]

1. c4 c6 2. e3 d5 3. Nf3 Nf6 4. b3 g6 5. Bb2 Bg7 6. Be2 Bg4 7. O-O O-O 8. h3
Bxf3 9. Bxf3 e6 10. Be2 Nbd7 11. f4 Ne4 12. Bxg7 Kxg7 13. d3 Ng3 14. Rf3 Nxe2+
15. Qxe2 dxc4 16. Qb2+ Qf6 17. Qxf6+ Nxf6 18. bxc4 Rad8 19. e4 Rd4 20. Nc3 Rfd8
21. e5 Ne8 22. Rd1 Nc7 23. Kf2 Na6 24. Ke2 Nc5 25. g4 h6 26. h4 a6 27. a4 Kf8
28. Rd2 1/2-1/2

[Event "Linden- Waltrop"]
[Site "?"]
[Date "2023.09.17"]
[Round "2.7"]
[White "Sehrbrock, Christoph"]
[Black "Knackstedt, Ulf"]
[Result "1/2-1/2"]
[WhiteElo "1823"]
[BlackElo "1723"]
[PlyCount "43"]
[SourceDate "2023.10.09"]

1. e4 d6 2. d4 Nf6 3. Nc3 Nc6 4. Nf3 Bg4 5. Be2 e5 6. Be3 exd4 7. Nxd4 Bxe2 8.
Qxe2 g6 9. Qb5 Bg7 10. Nxc6 bxc6 11. Qxc6+ Nd7 12. Bg5 f6 13. Bh4 O-O 14. O-O
Ne5 15. Qd5+ Kh8 16. Bg3 Rb8 17. Rab1 c6 18. Qd4 f5 19. Bxe5 Bxe5 20. Qxa7 Qf6
21. exf5 Qxf5 22. Qe3 1/2-1/2

[Event "Linden- Waltrop"]
[Site "?"]
[Date "2023.09.17"]
[Round "2.8"]
[White "Schuetz, Paul"]
[Black "Schmidt, Sebastian"]
[Result "0-1"]
[WhiteElo "1533"]
[BlackElo "1855"]
[PlyCount "34"]
[SourceDate "2023.10.09"]

1. e4 c5 2. Nf3 a6 3. c3 Nf6 4. e5 Nd5 5. d4 cxd4 6. Qxd4 e6 7. Bd3 Nc6 8. Qg4
d6 9. Bf4 Nxf4 10. Qxf4 dxe5 11. Qe4 f5 12. Qe2 e4 13. Bxe4 fxe4 14. Qxe4 Qd5
15. Nbd2 Bc5 16. O-O-O O-O 17. Ng5 Qxg5 0-1

[Event "Dortmunder SV-SC Brambauer"]
[Site "?"]
[Date "2023.09.17"]
[Round "2.3"]
[White "Wagner, Norbert"]
[Black "Böhmfeldt, Bruno"]
[Result "1/2-1/2"]
[WhiteElo "2001"]
[BlackElo "2205"]
[PlyCount "23"]
[EventDate "2023.??.??"]
[SourceDate "2023.10.09"]
[WhiteTeam "SC Doppelbauer Brambauer"]
[BlackTeam "Dortmunder SV 1875"]

1. Nf3 g6 2. d4 d6 3. c3 Nd7 4. Bf4 Bg7 5. e3 e5 6. Bg3 Nh6 7. h3 O-O 8. Nbd2
Qe7 9. Be2 e4 10. Ng1 Re8 11. Bc4 Nf5 12. Ne2 1/2-1/2

[Event "Dortmunder SV-SC Brambauer"]
[Site "?"]
[Date "2023.09.17"]
[Round "2.4"]
[White "Zeldin, Leonid"]
[Black "Bracht, Michael"]
[Result "1/2-1/2"]
[WhiteElo "2026"]
[BlackElo "1915"]
[PlyCount "31"]
[EventDate "2023.??.??"]
[SourceDate "2023.10.09"]
[WhiteTeam "Dortmunder SV 1875"]
[BlackTeam "SC Doppelbauer Brambauer"]

1. g3 d5 2. Bg2 Nf6 3. Nf3 c6 4. O-O e6 5. d4 Nbd7 6. c4 Be7 7. Nc3 O-O 8. Bf4
Re8 9. Ne5 Nxe5 10. dxe5 Nd7 11. cxd5 exd5 12. e4 dxe4 13. Nxe4 Nf8 14. Qc2 Ne6
15. Be3 Nd4 16. Qd2 1/2-1/2

[Event "Dortmunder SV-SC Brambauer"]
[Site "?"]
[Date "2023.09.17"]
[Round "2.5"]
[White "Zimmermann, Dirk"]
[Black "Meinschien, Finn"]
[Result "1-0"]
[WhiteElo "1867"]
[BlackElo "1909"]
[PlyCount "131"]
[EventDate "2023.??.??"]
[SourceDate "2023.10.09"]
[WhiteTeam "SC Doppelbauer Brambauer"]
[BlackTeam "Dortmunder SV 1875"]

1. e4 c5 2. Nf3 Nc6 3. Bb5 g6 4. O-O Bg7 5. c3 Nf6 6. Re1 O-O 7. d4 d6 8. Nbd2
Qc7 9. a4 a6 10. Bxc6 Qxc6 11. Qe2 Bd7 12. a5 b6 13. axb6 Qxb6 14. dxc5 dxc5
15. Ne5 Be6 16. Ndf3 Nd7 17. Bf4 Nxe5 18. Bxe5 Bxe5 19. Nxe5 Rfb8 20. Reb1 f6
21. Ng4 Qb5 22. Qxb5 axb5 23. Ne3 b4 24. c4 b3 25. Rxa8 Rxa8 26. Kf1 f5 27. f3
Rd8 28. Nd5 Bxd5 29. exd5 Ra8 30. Ke2 Kf7 31. Kd3 e6 32. dxe6+ Kxe6 33. Kc3 Rb8
34. Re1+ Kd6 35. f4 h6 36. Ra1 Rb6 37. Ra3 g5 38. g3 gxf4 39. gxf4 Ke6 40. Rxb3
Ra6 41. Rb8 Kd7 42. Rf8 Ke6 43. Rh8 Kd7 44. Rh7+ Kd8 45. Rf7 Re6 46. Rxf5 Re3+
47. Kd2 Rb3 48. Kc2 Rh3 49. Rxc5 Rxh2+ 50. Kc3 h5 51. b4 h4 52. Rh5 Rh1 53. b5
h3 54. Kb4 h2 55. Kc5 Kc7 56. Rh7+ Kb8 57. f5 Rf1 58. Rxh2 Rxf5+ 59. Kb6 Rf6+
60. Ka5 Rf4 61. Rc2 Kb7 62. c5 Rf1 63. c6+ Kc8 64. Kb6 Rf8 65. Ra2 Kb8 66. c7+
1-0